Statistiken für Länder, die Russland am Nächsten Liegen - Eine Minute Sprint

Klicken Sie hier um das Quiz zu spielen!

Allgemein

  • Dieses Quiz wurde 118 mal gespielt
  • Das Durchschnittsergebnis liegt bei 14 aus 20

Antwortstatistiken

kmLand% Korrekt
0China
93%
0Ukraine
93%
0Finnland
92%
0Lettland
91%
0Litauen
90%
0Estland
89%
0Kasachstan
89%
0Mongolei
85%
0Polen
83%
0Weißrussland
81%
0Georgien
75%
0Aserbaidschan
72%
0Norwegen
71%
0Nordkorea
70%
110Armenien
67%
43Japan
58%
208Schweden
54%
136Türkei
37%
4Vereinigte Staaten
25%
165Iran
24%

Verteilung der Resultate

Perzentil nach korrekt beantworteten Fragen

Anzahl Personen mit jedem Resultat

Ihre Resultats-Entwicklung

Sie haben dieses Quiz noch nicht gespielt